000 00756nam a2200265Ia 4500
005 20250425161137.0
008 250425s9999 xx 000 0 und d
020 _a9682606365
041 _aspa
043 _amx
082 _a658.15
100 _aBLOCK, STANLEY B.
245 0 _aFUNDAMENTOS DE ADMINISTRACION FINANCIERA
250 _aS.E.
260 _aMéxico
_bEDITORIAL CONTINENTAL, S.A. DE C.V., MEXICO
_c1986
260 _aS.L.
300 _a644
500 _aTítulo Traducido: FOUNDATIONS OF FINANCIAL MANAGEMENT
650 _aADMINISTRACION FINANCIERA
650 _aANALISIS FINANCIERO
700 _aALBERTO GARCIA MENDOZA
_etraductor
710 _aEDITORIAL CONTINENTAL, S.A. DE C.V., MEXICO
942 _c01
010 _a13667
999 _c203299
_d203299